000 00670nam a2200241Ia 4500
005 20260430150506.0
008 008 250103s9999 xx 000 0 eng d
037 _aTheses
040 _aCRL
040 _beng
040 _ceng
041 _2eng
041 _aeng
084 _qCRL
100 _aShree Aparna Erra Au.; Pandy Satyendra Kumar Gu.; Lochan Amarjiva Gu.
_91237665
245 0 _aRevival of Buddhism in Mainland China After the Cultural Revolution
260 _c2023
300 _a136p.
650 _aBuddhism
700 _aUniversity of Delhi. Faculty of Arts. Deptt.of Buddhist Studies
_91237663
942 _cTH
999 _c1849908
_d1849908